Economics of Enterprise
Salvato in:
| Natura: | Periodico |
|---|---|
| Lingua: | inglese |
| Pubblicazione: |
Beograd
Savez ekonomista Srbije
|
| Soggetti: | |
| Tags: |
Nessun Tag, puoi essere il primo ad aggiungerne!!
|
MARC
| LEADER | 00000nas1a22000001 4500 | ||
|---|---|---|---|
| 001 | s121059 | ||
| 005 | 20241126135625.8 | ||
| 022 | |a 0353-443X | ||
| 022 | |a 2406-1239 | ||
| 041 | 0 | |a eng | |
| 044 | |a RS | ||
| 245 | 1 | 0 | |a Economics of Enterprise |
| 264 | 1 | |a Beograd |b Savez ekonomista Srbije | |
| 610 | 2 | 0 | |a riadenie |
| 610 | 2 | 0 | |a riadenie podnikové |